Commercial Dictionary For Students Business: (Record no. 3653)

MARC details
000 -LEADER
fixed length control field 00808nac a22001811u 4500
008 - FIXED-LENGTH DATA ELEMENTS--GENERAL INFORMATION
fixed length control field 100920t xxu||||| |||| 00| 0 eng d
082 ## - DEWEY DECIMAL CLASSIFICATION NUMBER
Classification number 650.03
Item number H3617
100 ## - MAIN ENTRY--PERSONAL NAME
Personal name Hegazy, Tamer.
9 (RLIN) 19591
245 ## - TITLE STATEMENT
Title Commercial Dictionary For Students Business:
Remainder of title Arabic- English : for Students-Business.
Statement of responsibility, etc Tamer Hegazy.
260 ## - PUBLICATION, DISTRIBUTION, ETC. (IMPRINT)
Place of publication, distribution, etc Alexandria :
Name of publisher, distributor, etc Dar Al-Matbooat Al-Gameeya ,
300 ## - PHYSICAL DESCRIPTION
Extent 230, 233 p,
Dimensions 21 cm.
500 ## - GENERAL NOTE
General note English Arabic and Arabic English.
500 ## - GENERAL NOTE
General note Title In Arabic and English.
650 ## - SUBJECT ADDED ENTRY--TOPICAL TERM
Topical term or geographic name as entry element Commerce - Dictionaries.
9 (RLIN) 19592
655 ## - INDEX TERM--GENRE/FORM
Genre/form data or focus term For Buiness Students.
-- 19593
942 ## - ADDED ENTRY ELEMENTS (KOHA)
Item type Reference (NB)
Call number prefix 650.03 H3617
Source of classification or shelving scheme Dewey Decimal Classification
Holdings
Withdrawn status Item status Source of classification or shelving scheme Damaged status Not for loan Home library Current library Shelving location Date acquired Source of acquisition Total Checkouts Full call number Barcode Date last seen Koha item type
    Dewey Decimal Classification     Central Library Central Library Ground Floor 07/05/2006 Purchase   650.03 HEG 000033267 15/07/2025 Reference (NB)